| 000 | 00676cam a22002411 4500 | ||
|---|---|---|---|
| 001 | 10274320 | ||
| 003 | OSt | ||
| 005 | 20230621163158.0 | ||
| 008 | 720814s1956 xx 000 0 eng | ||
| 010 | _a 56025542 | ||
| 015 | _aGB56-1677 | ||
| 035 | _a(OCoLC)381149 | ||
| 040 |
_aDLC _cOAU _dUk _dMH _dDLC |
||
| 042 | _apremarc | ||
| 082 |
_a328.42 _bHOW |
||
| 100 | 1 | _aHowarth, Patrick. | |
| 245 | 1 | 0 |
_aQuestions in the House; _bthe History of a unique British institution. |
| 260 |
_a[London] _bThe Bodley Head _c[1956] |
||
| 300 |
_a220 p. _c23 cm. |
||
| 650 | 0 |
_aInterpellation _zGreat Britain. |
|
| 906 |
_a7 _bcbc _coclcrpl _du _encip _f19 _gy-gencatlg |
||
| 942 |
_2ddc _cBK |
||
| 999 |
_c2305 _d2305 |
||